[Event "RF-2020-0-00509"]
[Site "LSS email"]
[Date "2020.11.02"]
[Round "?"]
[White "Kuttner, Jaromir"]
[Black "Hernandez Sanchez, Agustin Hector"]
[Result "1-0"]
[WhiteElo "955"]
[BlackElo "1035"]
[PlyCount "25"]
[EventDate "2020.08.09"]
[EventType "tourn (corr)"]
[EventRounds "6"]
[EventCountry "GER"]
[SourceTitle "Corr 2022"]
[Source "ChessBase"]
[SourceDate "2021.10.24"]
[SourceVersion "1"]
[SourceVersionDate "2021.10.24"]
[SourceQuality "1"]

1. e4 c5 2. Nf3 d6 3. d4 cxd4 4. Nxd4 Nf6 5. Nc3 g6 6. g3 Bg7 7. Bg2 0-0 8. 0-0 e5 9. Nde2 Nc6 10. h3 Be6 11. Nd5 Ne7 12. c4 Nd7 13. g4 1-0

[Event "IECC CL0-2020.00 email"]
[Site "IECC email"]
[Date "2020.10.10"]
[Round "?"]
[White "Plummer, Martin"]
[Black "Hernandez Sanchez, Agustin Hector"]
[Result "1-0"]
[WhiteElo "1178"]
[BlackElo "1035"]
[PlyCount "25"]
[EventDate "2020.05.24"]
[EventType "tourn (corr)"]
[EventRounds "4"]
[SourceTitle "Corr 2022"]
[Source "ChessBase"]
[SourceDate "2021.10.24"]
[SourceVersion "1"]
[SourceVersionDate "2021.10.24"]
[SourceQuality "1"]

1. e4 d6 2. Nf3 c5 3. d4 cxd4 4. Nxd4 Nf6 5. Nc3 g6 6. Bb5+ Bd7 7. Bxd7+ Nbxd7 8. 0-0 Bg7 9. Be3 0-0 10. f4 Nc5 11. Qf3 e5 12. fxe5 dxe5 13. Nb3 1-0

[Event "RF-2020-0-00509"]
[Site "LSS email"]
[Date "2020.10.02"]
[Round "?"]
[White "Hernandez Sanchez, Agustin Hector"]
[Black "Shim Ng Min, Francis"]
[Result "0-1"]
[WhiteElo "1035"]
[BlackElo "1130"]
[PlyCount "48"]
[EventDate "2020.08.09"]
[EventType "tourn (corr)"]
[EventRounds "6"]
[EventCountry "GER"]
[SourceTitle "Corr 2022"]
[Source "ChessBase"]
[SourceDate "2021.10.24"]
[SourceVersion "1"]
[SourceVersionDate "2021.10.24"]
[SourceQuality "1"]

1. e4 c5 2. Nf3 d6 3. Bc4 e6 4. 0-0 Nf6 5. Nc3 Be7 6. d4 cxd4 7. Nxd4 0-0 8. Nf3 Nc6 9. Be3 Nxe4 10. Bd3 Nf6 11. Bg5 e5 12. h3 Kh8 13. Bxf6 Bxf6 14. Re1 d5 15. Be2 e4 16. Nd2 Be5 17. Nf1 Be6 18. Bg4 f5 19. Be2 f4 20. Bg4 Bxc3 21. bxc3 Bxg4 22. Qxg4 Qf6 23. f3 e3 24. Rad1 Qxc3 0-1

[Event "LSS No Engine Cup 22 Preliminary 6"]
[Site "LSS email"]
[Date "2010.05.19"]
[Round "?"]
[White "Hernandez Sanchez, Agustin Hector"]
[Black "Kaufmann, Michael"]
[Result "1-0"]
[WhiteElo "774"]
[BlackElo "1804"]
[PlyCount "35"]
[EventDate "2010.05.20"]
[EventType "tourn (corr)"]
[EventRounds "6"]
[EventCountry "GER"]
[SourceTitle "Telechess CBM 141"]
[Source "ChessBase"]
[SourceDate "2011.03.17"]
[SourceVersion "1"]
[SourceVersionDate "2011.03.17"]
[SourceQuality "1"]

1. e4 e5 2. Nf3 Nc6 3. Bb5 Nf6 4. 0-0 Nxe4 5. Re1 Nd6 6. Bxc6 dxc6 7. Nc3 f6 8. d4 Nf7 9. dxe5 Nxe5 10. Nxe5 Qxd1 11. Nxd1 Be7 12. Nc4 Kf7 13. Bf4 Bd6 14. Bxd6 cxd6 15. Nxd6+ Kg6 16. Nc3 b5 17. h3 Bd7 18. g4 1-0

[Event "LSS SN-2010-0-00250"]
[Site "LSS email"]
[Date "2010.05.17"]
[Round "?"]
[White "Hernandez Sanchez, Agustin Hector"]
[Black "Mori, Roberto"]
[Result "0-1"]
[WhiteElo "739"]
[BlackElo "661"]
[PlyCount "82"]
[EventDate "2010.05.03"]
[EventType "tourn (corr)"]
[EventRounds "6"]
[EventCountry "GER"]
[SourceTitle "Telechess CBM 141"]
[Source "ChessBase"]
[SourceDate "2011.03.17"]
[SourceVersion "1"]
[SourceVersionDate "2011.03.17"]
[SourceQuality "1"]

1. d4 d5 2. Nf3 Nc6 3. e3 Bg4 4. Be2 Nf6 5. 0-0 a6 6. Nc3 e6 7. Bd2 Be7 8. Ne5 Bxe2 9. Nxe2 0-0 10. Ng3 Nxe5 11. dxe5 Nd7 12. Bc3 h6 13. f4 Bh4 14. Nh5 f5 15. exf6 Nxf6 16. Nxf6+ Bxf6 17. Qg4 Bxc3 18. Qxe6+ Kh8 19. bxc3 Rf6 20. Qg4 Qe7 21. Rae1 Qd6 22. f5 Re8 23. Qd4 Re4 24. Qd2 Qc5 25. Kh1 Qc6 26. Qd3 Rg4 27. Rf3 Qd6 28. e4 dxe4 29. Qxd6 Rxd6 30. Rfe3 Rf4 31. h3 Rd2 32. g3 Rff2 33. Kg1 Rxf5 34. R1e2 Rxe2 35. Rxe2 Rf3 36. Rxe4 Rxg3+ 37. Kh2 Rxc3 38. Re8+ Kh7 39. Rb8 Rxc2+ 40. Kg3 b5 41. Ra8 Rxa2 0-1

[Event "LSS ZN-2010-0-01048"]
[Site "LSS email"]
[Date "2010.05.17"]
[Round "?"]
[White "Hernandez Sanchez, Agustin Hector"]
[Black "Yangibayev, N."]
[Result "1-0"]
[WhiteElo "1171"]
[BlackElo "977"]
[PlyCount "47"]
[EventDate "2010.05.15"]
[EventType "match (corr)"]
[EventRounds "2"]
[EventCountry "GER"]
[SourceTitle "Corr 2024"]
[Source "ChessBase"]
[SourceDate "2023.10.19"]
[SourceVersion "1"]
[SourceVersionDate "2023.10.19"]
[SourceQuality "1"]

1. e4 c6 2. Nf3 d5 3. exd5 cxd5 4. Bb5+ Nd7 5. 0-0 Ngf6 6. Re1 e6 7. Nc3 Bd6 8. d4 0-0 9. Bg5 a6 10. Bd3 h6 11. Bh4 b5 12. Bxf6 Nxf6 13. Qd2 Bb7 14. Ne2 Rc8 15. Ng3 Bb8 16. Ne5 Re8 17. c3 Bd6 18. a4 bxa4 19. Rxa4 Qc7 20. Bxa6 Bxa6 21. Rxa6 Ra8 22. Rc6 Qb8 23. b4 Qa7 24. Rxd6 1-0

[Event "LSS BI-2010-P-00010"]
[Site "LSS email"]
[Date "2010.04.19"]
[Round "?"]
[White "Hernandez Sanchez, Agustin Hector"]
[Black "Caillet, Serge"]
[Result "0-1"]
[WhiteElo "762"]
[BlackElo "2028"]
[PlyCount "60"]
[EventDate "2010.04.22"]
[EventType "tourn (corr)"]
[EventRounds "10"]
[EventCountry "GER"]
[SourceTitle "Telechess CBM 141"]
[Source "ChessBase"]
[SourceDate "2011.03.17"]
[SourceVersion "1"]
[SourceVersionDate "2011.03.17"]
[SourceQuality "1"]

1. d4 g6 2. c4 Bg7 3. Nf3 Nf6 4. Nc3 d5 5. e3 0-0 6. Bd3 c5 7. 0-0 cxd4 8. Nxd4 Nc6 9. Nxc6 bxc6 10. cxd5 Nxd5 11. Bd2 Rb8 12. Qc2 Nb4 13. Qd1 Nxd3 14. b3 Ba6 15. Qf3 Ne5 16. Qd1 Bxf1 17. Kxf1 Qd3+ 18. Qe2 Rfd8 19. Rd1 Nc4 20. Qxd3 Rxd3 21. Ke2 Rxd2+ 22. Rxd2 Nxd2 23. Kxd2 Rd8+ 24. Kc2 Bxc3 25. Kxc3 Kg7 26. f4 Kf6 27. g4 Ke6 28. e4 f5 29. gxf5+ gxf5 30. e5 Kd5 0-1

[Event "LSS BI-2010-P-00010"]
[Site "LSS email"]
[Date "2010.04.19"]
[Round "?"]
[White "Kuhne, Detlev"]
[Black "Hernandez Sanchez, Agustin Hector"]
[Result "1-0"]
[WhiteElo "2274"]
[BlackElo "762"]
[PlyCount "63"]
[EventDate "2010.04.22"]
[EventType "tourn (corr)"]
[EventRounds "10"]
[EventCountry "GER"]
[SourceTitle "Telechess CBM 141"]
[Source "ChessBase"]
[SourceDate "2011.03.17"]
[SourceVersion "1"]
[SourceVersionDate "2011.03.17"]
[SourceQuality "1"]

1. e4 c5 2. Nf3 d6 3. d4 cxd4 4. Nxd4 Nf6 5. Nc3 a6 6. h3 e5 7. Nf3 Be7 8. Bc4 0-0 9. 0-0 Qc7 10. Bb3 Nc6 11. Bg5 Be6 12. Bxf6 Bxf6 13. Nd5 Bxd5 14. Bxd5 Qb6 15. Re1 Rab8 16. Re3 Rbc8 17. Nd2 Nd4 18. Nc4 Qc7 19. Rc3 Qe7 20. a4 b5 21. axb5 Nxb5 22. Rb3 Nd4 23. Rb7 Rc7 24. Rxc7 Qxc7 25. c3 Ne6 26. Rxa6 Nf4 27. Nxd6 Nxd5 28. Qxd5 Rd8 29. c4 h6 30. b4 Qe7 31. c5 Qc7 32. b5 1-0

[Event "LSS BI-2010-P-00010"]
[Site "LSS email"]
[Date "2010.04.19"]
[Round "?"]
[White "Mary, Patrick"]
[Black "Hernandez Sanchez, Agustin Hector"]
[Result "1-0"]
[WhiteElo "2185"]
[BlackElo "726"]
[PlyCount "35"]
[EventDate "2010.04.22"]
[EventType "tourn (corr)"]
[EventRounds "10"]
[EventCountry "GER"]
[SourceTitle "Telechess CBM 141"]
[Source "ChessBase"]
[SourceDate "2011.03.17"]
[SourceVersion "1"]
[SourceVersionDate "2011.03.17"]
[SourceQuality "1"]

1. e4 e5 2. Nf3 Nc6 3. Bb5 Nf6 4. 0-0 Be7 5. Nc3 d6 6. d4 0-0 7. Bxc6 exd4 8. Nxd4 bxc6 9. Nxc6 Qd7 10. Nxe7+ Qxe7 11. Bg5 Ba6 12. Re1 Qe5 13. Bxf6 Qxf6 14. Qd5 c5 15. e5 dxe5 16. Qxe5 Qg6 17. Nd5 h6 18. Ne7+ 1-0

[Event "LSS RN-2010-0-00272"]
[Site "LSS email"]
[Date "2010.03.19"]
[Round "?"]
[White "Brough, Carl"]
[Black "Hernandez Sanchez, Agustin Hector"]
[Result "0-1"]
[WhiteElo "605"]
[BlackElo "790"]
[PlyCount "70"]
[EventDate "2010.03.02"]
[EventType "tourn (corr)"]
[EventRounds "6"]
[EventCountry "GER"]
[SourceTitle "Corr 2013"]
[Source "ChessBase"]
[SourceDate "2012.11.12"]
[SourceVersion "1"]
[SourceVersionDate "2012.11.12"]
[SourceQuality "1"]

1. d4 Nf6 2. c4 g6 3. d5 c6 4. Nc3 cxd5 5. cxd5 Bg7 6. e4 d6 7. h3 0-0 8. Be3 e6 9. Qd2 exd5 10. Bh6 Nxe4 11. Nxe4 dxe4 12. Ne2 Re8 13. Bxg7 e3 14. fxe3 Kxg7 15. Ng3 Qh4 16. Qc3+ Kg8 17. Kf2 Nc6 18. Bb5 Bd7 19. Rad1 Qe7 20. Rhf1 a6 21. Bxc6 Bxc6 22. Kg1 Qxe3+ 23. Qxe3 Rxe3 24. Kh2 h5 25. Rxd6 h4 26. Nh1 Rae8 27. Nf2 Re2 28. Rf6 Kg7 29. Ng4 Rxg2+ 30. Kh1 Rxg4+ 31. Kh2 Rg2+ 32. Kh1 Ree2 33. Rxf7+ Kh6 34. Rf8 Rg3+ 35. R8f3 Bxf3+ 0-1

[Event "LSS RN-2010-0-00272"]
[Site "LSS email"]
[Date "2010.03.19"]
[Round "?"]
[White "Feng, Jason"]
[Black "Hernandez Sanchez, Agustin Hector"]
[Result "1-0"]
[WhiteElo "872"]
[BlackElo "770"]
[PlyCount "45"]
[EventDate "2010.03.02"]
[EventType "tourn (corr)"]
[EventRounds "6"]
[EventCountry "GER"]
[SourceTitle "Corr 2013"]
[Source "ChessBase"]
[SourceDate "2012.11.12"]
[SourceVersion "1"]
[SourceVersionDate "2012.11.12"]
[SourceQuality "1"]

1. e4 c5 2. c3 d6 3. d4 cxd4 4. cxd4 Qa5+ 5. Nc3 Nf6 6. Bd3 b6 7. Qa4+ Qxa4 8. Nxa4 e6 9. Nc3 Be7 10. Nf3 0-0 11. Bg5 Bd7 12. 0-0 Nc6 13. e5 dxe5 14. dxe5 Nd5 15. Bxe7 Ncxe7 16. Nxd5 Nxd5 17. Be4 Bc6 18. Rac1 Rac8 19. Rfd1 Nf4 20. Rxc6 Rxc6 21. Bxc6 Rc8 22. g3 Rxc6 23. Rd8# 1-0

[Event "LSS RN-2010-0-00272"]
[Site "LSS email"]
[Date "2010.03.19"]
[Round "?"]
[White "Hernandez Sanchez, Agustin Hector"]
[Black "Bester, Kazimierz"]
[Result "1-0"]
[WhiteElo "790"]
[BlackElo "688"]
[PlyCount "59"]
[EventDate "2010.03.02"]
[EventType "tourn (corr)"]
[EventRounds "6"]
[EventCountry "GER"]
[SourceTitle "Corr 2013"]
[Source "ChessBase"]
[SourceDate "2012.11.12"]
[SourceVersion "1"]
[SourceVersionDate "2012.11.12"]
[SourceQuality "1"]

1. Nf3 d6 2. g3 c5 3. Bg2 Nf6 4. d4 cxd4 5. Nxd4 g6 6. 0-0 Bg7 7. Bg5 0-0 8. Nc3 Nbd7 9. e4 e5 10. Nde2 Qb6 11. b3 Nc5 12. Nd5 Nxd5 13. Qxd5 Be6 14. Qd1 f6 15. Be3 Rad8 16. Nc3 Qc6 17. f4 Bf7 18. Qg4 Be6 19. f5 Bf7 20. fxg6 hxg6 21. Rad1 g5 22. h4 Be6 23. Qe2 g4 24. h5 a6 25. h6 Bh8 26. Nd5 Rf7 27. Kf2 f5 28. h7+ Rxh7 29. Rh1 Rxh1 30. Ne7+ 1-0

[Event "LSS RN-2010-0-00272"]
[Site "LSS email"]
[Date "2010.03.19"]
[Round "?"]
[White "Hernandez Sanchez, Agustin Hector"]
[Black "Gyongyosi, Peter Laszlo"]
[Result "0-1"]
[WhiteElo "728"]
[BlackElo "958"]
[PlyCount "58"]
[EventDate "2010.03.02"]
[EventType "tourn (corr)"]
[EventRounds "6"]
[EventCountry "GER"]
[SourceTitle "Telechess CBM 141"]
[Source "ChessBase"]
[SourceDate "2011.03.17"]
[SourceVersion "1"]
[SourceVersionDate "2011.03.17"]
[SourceQuality "1"]

1. e4 e5 2. Nf3 Nc6 3. Bb5 a6 4. Bxc6 dxc6 5. 0-0 Nf6 6. Re1 Bc5 7. c3 Bg4 8. b4 Ba7 9. h3 Bh5 10. Bb2 0-0 11. d4 exd4 12. cxd4 Re8 13. e5 Nd5 14. a3 Nf4 15. Bc1 Bxf3 16. Qxf3 Qxd4 17. Ra2 Nd3 18. Be3 Nxe1 19. Bxd4 Nxf3+ 20. gxf3 Bxd4 21. f4 f6 22. exf6 Bxf6 23. Kg2 Re1 24. Nd2 Re2 25. Kf3 Rae8 26. Rc2 g5 27. f5 Bd4 28. Kg4 Rxf2 29. Kxg5 Ree2 0-1

[Event "LSS RN-2010-0-00272"]
[Site "LSS email"]
[Date "2010.03.19"]
[Round "?"]
[White "Hernandez Sanchez, Agustin Hector"]
[Black "Venturas, Bob"]
[Result "1-0"]
[WhiteElo "777"]
[BlackElo "616"]
[PlyCount "49"]
[EventDate "2010.03.02"]
[EventType "tourn (corr)"]
[EventRounds "6"]
[EventCountry "GER"]
[SourceTitle "Corr 2013"]
[Source "ChessBase"]
[SourceDate "2012.11.12"]
[SourceVersion "1"]
[SourceVersionDate "2012.11.12"]
[SourceQuality "1"]

1. c4 e5 2. Nc3 Nc6 3. g3 Nf6 4. Bg2 Bc5 5. e4 d6 6. Nf3 Be6 7. b3 a6 8. 0-0 Nd4 9. Ne2 Qd7 10. Nexd4 exd4 11. e5 dxe5 12. Nxe5 Qc8 13. d3 0-0 14. Bg5 Ne8 15. Bf4 Nd6 16. Re1 Bb4 17. Re2 f6 18. Nf3 Nf7 19. a3 Bc3 20. Rb1 c5 21. Bd2 Bxd2 22. Qxd2 Bg4 23. Qf4 Nh6 24. Rbe1 Qc7 25. Qxc7 1-0

[Event "LSS SN-2010-0-00232"]
[Site "LSS email"]
[Date "2010.03.16"]
[Round "?"]
[White "Hernandez Sanchez, Agustin Hector"]
[Black "Razo, Ryan Jose"]
[Result "1-0"]
[WhiteElo "706"]
[BlackElo "970"]
[PlyCount "39"]
[EventDate "2010.03.07"]
[EventType "tourn (corr)"]
[EventRounds "6"]
[EventCountry "GER"]
[SourceTitle "Telechess CBM 147"]
[Source "ChessBase"]
[SourceDate "2012.03.16"]
[SourceVersion "1"]
[SourceVersionDate "2012.03.16"]
[SourceQuality "1"]

1. e4 c5 2. Nf3 Nc6 3. Bc4 e6 4. 0-0 Qc7 5. Nc3 a6 6. d4 cxd4 7. Nxd4 b5 8. Be2 Nf6 9. Bg5 h6 10. Bxf6 gxf6 11. a3 Be7 12. Bf3 Bb7 13. Re1 Ne5 14. h3 d6 15. Nce2 h5 16. Ng3 h4 17. Nh5 Ng6 18. Qd2 Ne5 19. Ng7+ Kf8 20. Ngxe6+ 1-0

[Event "LSS SN-2010-0-00231"]
[Site "LSS email"]
[Date "2010.03.14"]
[Round "?"]
[White "Menu, Vincent"]
[Black "Hernandez Sanchez, Agustin Hector"]
[Result "1-0"]
[WhiteElo "818"]
[BlackElo "706"]
[PlyCount "91"]
[EventDate "2010.03.04"]
[EventType "tourn (corr)"]
[EventRounds "6"]
[EventCountry "GER"]
[SourceTitle "Telechess CBM 147"]
[Source "ChessBase"]
[SourceDate "2012.03.16"]
[SourceVersion "1"]
[SourceVersionDate "2012.03.16"]
[SourceQuality "1"]

1. e4 c5 2. Nf3 d6 3. Bc4 Nf6 4. Nc3 g6 5. d3 Bg7 6. Nd5 e6 7. Nxf6+ Bxf6 8. 0-0 0-0 9. Bh6 Bg7 10. Qd2 Re8 11. Bxg7 Kxg7 12. c3 Nd7 13. d4 Nb6 14. Bb3 cxd4 15. Qxd4+ f6 16. Rfe1 Bd7 17. Qxd6 Qe7 18. Rad1 Rad8 19. Qxe7+ Rxe7 20. e5 Kf7 21. exf6 Kxf6 22. h3 Nd5 23. Bxd5 exd5 24. Rxe7 Kxe7 25. Rxd5 Bf5 26. Rxd8 Kxd8 27. g4 Be4 28. Ng5 Bb1 29. Nxh7 Bxa2 30. f4 Ke7 31. Kf2 b5 32. h4 Kf7 33. Ng5+ Kf6 34. Ne4+ Ke6 35. h5 gxh5 36. gxh5 Kf5 37. Ke3 Bg8 38. Nd6+ Kg4 39. Nxb5 a5 40. Ke4 Kxh5 41. Ke5 Bc4 42. Nd6 Bb3 43. f5 Kg5 44. c4 a4 45. Ke6 a3 46. bxa3 1-0

[Event "LSS SF-2010-0-00047"]
[Site "LSS email"]
[Date "2010.02.25"]
[Round "?"]
[White "Fernandez, German"]
[Black "Hernandez Sanchez, Agustin Hector"]
[Result "0-1"]
[WhiteElo "936"]
[BlackElo "775"]
[PlyCount "86"]
[EventDate "2010.01.21"]
[EventType "tourn (corr)"]
[EventRounds "6"]
[EventCountry "GER"]
[SourceTitle "Telechess CBM 141"]
[Source "ChessBase"]
[SourceDate "2011.03.17"]
[SourceVersion "1"]
[SourceVersionDate "2011.03.17"]
[SourceQuality "1"]

1. e4 c5 2. Nf3 d6 3. d4 cxd4 4. Nxd4 Nf6 5. Nc3 a6 6. f3 e5 7. Nb3 Be7 8. Be3 Nc6 9. Qd2 b5 10. 0-0-0 0-0 11. Nd5 Nxd5 12. exd5 Nd4 13. Nxd4 exd4 14. Bxd4 Bf6 15. g3 Bb7 16. Bxf6 Qxf6 17. Bg2 Rac8 18. Qd4 Qg6 19. Rd2 Rc4 20. Qd3 Qf6 21. f4 Rfc8 22. Be4 g6 23. Kb1 b4 24. Rhd1 a5 25. b3 Rc3 26. Qd4 Qe7 27. f5 Qg5 28. fxg6 hxg6 29. Rf2 Re8 30. Bd3 Bxd5 31. Rdf1 Rc7 32. h4 Qe5 33. Qg4 Qc3 34. h5 Re1+ 35. Rxe1 Qxe1+ 36. Kb2 Qc3+ 37. Kc1 Qe1+ 38. Kb2 Qxf2 39. hxg6 Qf6+ 40. Kc1 Rxc2+ 41. Bxc2 Qa1+ 42. Kd2 Qc3+ 43. Kd1 Bf3+ 0-1

[Event "LSS SF-2010-0-00047"]
[Site "LSS email"]
[Date "2010.02.25"]
[Round "?"]
[White "Hernandez Sanchez, Agustin Hector"]
[Black "Schnoewitz, Brigitte"]
[Result "0-1"]
[WhiteElo "770"]
[BlackElo "1183"]
[PlyCount "70"]
[EventDate "2010.01.21"]
[EventType "tourn (corr)"]
[EventRounds "6"]
[EventCountry "GER"]
[SourceTitle "Corr 2013"]
[Source "ChessBase"]
[SourceDate "2012.11.12"]
[SourceVersion "1"]
[SourceVersionDate "2012.11.12"]
[SourceQuality "1"]
[WhiteTeam "US of America"]
[BlackTeam "US of America"]
[WhiteTeamCountry "USA"]
[BlackTeamCountry "USA"]

1. e4 c5 2. Nf3 Nc6 3. Bc4 e6 4. d4 cxd4 5. Nxd4 Nf6 6. 0-0 Be7 7. Nc3 0-0 8. Re1 d6 9. Be3 Ne5 10. Bb3 a6 11. f4 Ned7 12. Qf3 Nc5 13. e5 dxe5 14. fxe5 Nfd7 15. Bf4 Nxb3 16. cxb3 Bc5 17. Rad1 Qc7 18. Kh1 Nb6 19. Qg3 Rd8 20. Bh6 Bf8 21. Rc1 Qd7 22. Ne4 Nd5 23. Nf6+ Nxf6 24. exf6 g6 25. Red1 Bxh6 26. Rb1 b5 27. h4 Bb7 28. Nf3 Qxd1+ 29. Rxd1 Rxd1+ 30. Kh2 Bf8 31. Kh3 Be4 32. h5 Bf5+ 33. Kh4 Rh1+ 34. Nh2 Rd8 35. Kg5 h6+ 0-1

[Event "LSS RN-2010-0-00263"]
[Site "LSS email"]
[Date "2010.02.19"]
[Round "?"]
[White "Hernandez Sanchez, Agustin Hector"]
[Black "Bester, Kazimierz"]
[Result "1-0"]
[WhiteElo "826"]
[BlackElo "698"]
[PlyCount "57"]
[EventDate "2010.02.10"]
[EventType "tourn (corr)"]
[EventRounds "6"]
[EventCountry "GER"]
[SourceTitle "Corr 2013"]
[Source "ChessBase"]
[SourceDate "2012.11.12"]
[SourceVersion "1"]
[SourceVersionDate "2012.11.12"]
[SourceQuality "1"]

1. c4 g6 2. Nc3 Nf6 3. Nf3 Bg7 4. g3 0-0 5. Bg2 c6 6. 0-0 e6 7. b3 d5 8. cxd5 cxd5 9. d4 Nc6 10. Bg5 Ne7 11. Rc1 Kh8 12. Ne5 Neg8 13. e4 Qa5 14. a4 dxe4 15. Nxe4 Nxe4 16. Bxe4 Bxe5 17. dxe5 Qxe5 18. Qg4 f5 19. Qe2 fxe4 20. Rc4 Qxg5 21. Qxe4 e5 22. Rd1 Rb8 23. Re1 Re8 24. h4 Qh5 25. f4 Nf6 26. Qc2 Bf5 27. Qf2 e4 28. Rc7 Nd5 29. Qd4+ 1-0